[Event "Autunno Scacchistico Magistrale"]
[Site "Venezia ITA"]
[Date "2004.10.30"]
[Round "2"]
[White "Genna, Jose' Miguel"]
[Black "Groszpeter, Attila"]
[Result "0-1"]
[WhiteElo "2215"]
[BlackElo "2514"]
[PlyCount "112"]
[EventDate "2004.10.29"]

1. e4 c5 2. Nf3 d6 3. d4 cxd4 4. Nxd4 Nf6 5. Nc3 a6 6. Bg5 e6 7. f4 Qc7 8. Be2
Be7 9. Bf3 h6 10. Bxf6 Bxf6 11. Qd3 Nc6 12. Nxc6 bxc6 13. O-O-O d5 14. exd5
cxd5 15. Bxd5 Rb8 16. Qc4 Qxc4 17. Bxc4 Rb4 18. Bb3 Bxc3 19. bxc3 Rxf4 20. Rd4
Rf5 21. Rhd1 O-O 22. R1d2 Rc5 23. Kb2 Rc7 24. g3 g5 25. Rd6 Kg7 26. R2d3 Re8
27. Re3 f5 28. Rd4 e5 29. Rd5 e4 30. Rd4 Re5 31. Bd5 Bb7 32. c4 Rd7 33. g4 Bxd5
34. cxd5 Rdxd5 35. Rxd5 Rxd5 36. gxf5 Re5 37. Kc3 Kf6 38. Kd4 Kxf5 39. c4 Re8
40. Re1 Rd8+ 41. Kc3 Rd3+ 42. Kb4 Rd2 43. Kb3 Rxh2 44. c5 Ke5 45. Rd1 Rf2 46.
c6 Rf6 47. Rc1 Rf8 48. c7 Rc8 49. Rc6 h5 50. Kc4 h4 51. Kc5 h3 52. Kb6 g4 53.
Rh6 e3 54. Kb7 Rxc7+ 55. Kxc7 e2 56. Kd7 Kf5 0-1

[Event "Autunno Scacchistico Magistrale"]
[Site "Venezia ITA"]
[Date "2004.10.30"]
[Round "2"]
[White "Kasparov, Sergey"]
[Black "Giuriati, Paolo"]
[Result "1/2-1/2"]
[WhiteElo "2468"]
[BlackElo "2190"]
[PlyCount "145"]
[EventDate "2004.10.29"]

1. e4 c6 2. d4 d5 3. Nc3 dxe4 4. Nxe4 Bf5 5. Nc5 Qc7 6. Bd3 Bxd3 7. Nxd3 e6 8.
Nf3 Nf6 9. O-O Nbd7 10. Qe2 Bd6 11. b3 O-O 12. Bb2 Rac8 13. Rfd1 c5 14. dxc5
Nxc5 15. Nxc5 Qxc5 16. c4 Rfd8 17. Bd4 Qh5 18. h3 b6 19. Rd3 Be7 20. Rad1 Kf8
21. Kf1 Qf5 22. Qe3 Ke8 23. Ne5 Qe4 24. f3 Qxe3 25. Bxe3 Rxd3 26. Rxd3 Rc7 27.
Ke2 Nd7 28. Nxd7 Rxd7 29. Bd2 Rxd3 30. Kxd3 Kd7 31. b4 Kc6 32. a4 a6 33. g4 f6
34. Ke4 g6 35. f4 Bd6 36. b5+ axb5 37. axb5+ Kd7 38. Be3 Bc7 39. c5 bxc5 40.
Bxc5 Bb8 41. f5 gxf5+ 42. gxf5 h5 43. Bd4 Kd6 44. Bf2 Kd7 45. b6 exf5+ 46. Kxf5
Kc6 47. Kxf6 h4 48. Kg5 Bg3 49. Be3 Be1 50. Kf5 Bg3 51. Ke4 Be1 52. Kf3 Bg3 53.
Kg4 Be1 54. Bg5 Kxb6 55. Bxh4 Bc3 56. Kf5 Kc6 57. Ke6 Bd2 58. Bg3 Bc1 59. h4
Bh6 60. Be5 Bd2 61. Bf6 Be1 62. h5 Bd2 63. Be7 Be3 64. Bf8 Bd2 65. Kf7 Kd7 66.
Bg7 Be3 67. Kg6 Ke8 68. Bh6 Bxh6 69. Kxh6 Kf7 70. Kh7 Kf8 71. Kg6 Kg8 72. h6
Kh8 73. h7 1/2-1/2

[Event "Autunno Scacchistico Magistrale"]
[Site "Venezia ITA"]
[Date "2004.10.30"]
[Round "2"]
[White "Kiss, Pal"]
[Black "Solinas, Carlo"]
[Result "1-0"]
[WhiteElo "2394"]
[BlackElo "2094"]
[PlyCount "95"]
[EventDate "2004.10.29"]

1. d4 Nf6 2. c4 g6 3. Nc3 Bg7 4. e4 d6 5. Be2 O-O 6. Nf3 e5 7. d5 a5 8. Bg5 h6
9. Bh4 Na6 10. Nd2 Bd7 11. O-O g5 12. Bg3 Nxe4 13. Ndxe4 f5 14. Nd2 f4 15. Nde4
b6 16. Bg4 Qc8 17. Bxd7 Qxd7 18. f3 fxg3 19. hxg3 Qf5 20. g4 Qf4 21. Qe2 Nc5
22. Rae1 a4 23. Qc2 Rfb8 24. Re2 Bf8 25. g3 Qf7 26. Nxc5 bxc5 27. Nxa4 Rb4 28.
b3 Bg7 29. Nc3 Rbb8 30. Qe4 Rf8 31. Rh2 Qd7 32. Nd1 Rf6 33. Ne3 Raf8 34. Nf5
R8f7 35. Kg2 Bf8 36. Rfh1 Rh7 37. Rh5 Qe8 38. a4 Qb8 39. Qe3 Rg6 40. a5 Qa8 41.
Ra1 c6 42. Qe4 Rf6 43. dxc6 Rc7 44. Qd5+ Kh8 45. a6 Rxc6 46. Rxg5 Bg7 47. Rxg7
Rxf5 48. Rb7 1-0

[Event "Autunno Scacchistico Magistrale"]
[Site "Venezia ITA"]
[Date "2004.10.30"]
[Round "2"]
[White "Lain, Luigi"]
[Black "Verducci, Gianni"]
[Result "1-0"]
[WhiteElo "2262"]
[BlackElo "2045"]
[PlyCount "43"]
[EventDate "2004.10.29"]

1. d4 d5 2. c4 e6 3. Nc3 Nf6 4. Bg5 Nbd7 5. cxd5 exd5 6. e3 Be7 7. Bd3 h6 8.
Bh4 O-O 9. Nge2 c6 10. O-O Nh5 11. Bxe7 Qxe7 12. Qd2 Re8 13. Rae1 Ndf6 14. Bb1
Be6 15. f3 c5 16. g4 Bxg4 17. fxg4 Nxg4 18. Nf4 cxd4 19. Qxd4 Qh4 20. Re2 Rxe3
21. Nxh5 Qxh5 22. Rg2 1-0

[Event "Autunno Scacchistico Magistrale"]
[Site "Venezia ITA"]
[Date "2004.10.30"]
[Round "2"]
[White "Miladinovic, Igor"]
[Black "Del Monaco, Andrea"]
[Result "1-0"]
[WhiteElo "2611"]
[BlackElo "2218"]
[PlyCount "61"]
[EventDate "2004.10.29"]

1. d4 e6 2. c4 Nf6 3. Nc3 Bb4 4. g3 c5 5. Nf3 b6 6. Bg2 Bb7 7. O-O Bxc3 8. bxc3
O-O 9. d5 exd5 10. Nh4 d6 11. cxd5 Nbd7 12. Nf5 Ne5 13. f4 Nc4 14. Qd3 b5 15.
g4 Bc8 16. g5 Nh5 17. Ne3 Nxe3 18. Bxe3 g6 19. Qxb5 Re8 20. Bd2 Bf5 21. Qc4 Rb8
22. e4 Rb2 23. Rf2 Bd7 24. Qd3 f5 25. gxf6 Nxf6 26. h3 Nh5 27. Raf1 Qh4 28. Bc1
Rxf2 29. Rxf2 Rf8 30. Qe3 Qe7 31. c4 1-0

[Event "Autunno Scacchistico Magistrale"]
[Site "Venezia ITA"]
[Date "2004.10.30"]
[Round "2"]
[White "Mileto, Gabriele"]
[Black "Foglia, Maurizio"]
[Result "0-1"]
[WhiteElo "2206"]
[BlackElo "2075"]
[PlyCount "68"]
[EventDate "2004.10.29"]

1. Nf3 Nf6 2. c4 e6 3. g3 b6 4. Bg2 Bb7 5. O-O Be7 6. b3 c5 7. Bb2 O-O 8. e3 d5
9. Nc3 Nbd7 10. cxd5 Nxd5 11. Nxd5 Bxd5 12. d4 Bf6 13. Qe2 cxd4 14. Bxd4 Bxd4
15. Nxd4 Bxg2 16. Kxg2 e5 17. Nb5 Nc5 18. Rfd1 Qe7 19. e4 Ne6 20. Nc3 Nd4 21.
Nd5 Qb7 22. Qd3 Rad8 23. Rac1 Rd7 24. Rc4 f5 25. Nc3 f4 26. gxf4 Rxf4 27. Nd5
Rf3 28. Rxd4 Rxd3 29. R4xd3 Rf7 30. Rc1 h6 31. f3 Qa6 32. Rd2 b5 33. Rc5 Qg6+
34. Kh1 Qh5 0-1

[Event "Autunno Scacchistico Magistrale"]
[Site "Venezia ITA"]
[Date "2004.10.30"]
[Round "2"]
[White "Mufic, Goran"]
[Black "Opacic, Alexandar"]
[Result "1/2-1/2"]
[WhiteElo "2320"]
[BlackElo "2105"]
[PlyCount "149"]
[EventDate "2004.10.29"]

1. d4 d5 2. Nf3 Nf6 3. Bf4 c6 4. e3 Qb6 5. Nbd2 Bg4 6. Rb1 Nbd7 7. h3 Bh5 8.
Bd3 e6 9. O-O Be7 10. c4 Bg6 11. c5 Qd8 12. Bxg6 hxg6 13. b4 b5 14. cxb6 axb6
15. Qc2 c5 16. bxc5 bxc5 17. dxc5 Nxc5 18. Nb3 Nfe4 19. Nfd4 Rc8 20. Rfc1 O-O
21. f3 g5 22. Be5 Nxb3 23. Qxc8 Qxc8 24. Rxc8 Rxc8 25. axb3 Nf6 26. b4 Nd7 27.
Bg3 Nb6 28. b5 Rc4 29. Ra1 Bc5 30. Ra6 Rc1+ 31. Kh2 Rb1 32. Bc7 Nc4 33. Rc6
Bxd4 34. exd4 Rxb5 35. Bd8 Rb3 36. Bxg5 Rd3 37. Rc8+ Kh7 38. Rc7 Kg6 39. Bd8
Rxd4 40. h4 f6 41. h5+ Kh6 42. Re7 Rh4+ 43. Kg1 Rxh5 44. Rxe6 d4 45. Rc6 Rd5
46. Bc7 Nb2 47. Kf2 Nd3+ 48. Ke2 Nc5 49. Bd6 d3+ 50. Kd1 Nb3 51. Rb6 Nd4 52.
Bf4+ Kg6 53. Kd2 Nf5 54. g3 Rd7 55. Rb1 Nd4 56. Kxd3 Nxf3+ 57. Ke3 Ng5 58. Bxg5
Kxg5 59. Kf3 Rd3+ 60. Kg2 f5 61. Rb4 g6 62. Ra4 Re3 63. Rb4 Re4 64. Rb6 Kh5 65.
Kf3 Ra4 66. Rb3 g5 67. Rc3 g4+ 68. Kg2 Ra2+ 69. Kg1 Kg5 70. Rc6 f4 71. Rc5+ Kf6
72. gxf4 Ra4 73. Kg2 Rxf4 74. Kg3 Ra4 75. Rb5 1/2-1/2

[Event "Autunno Scacchistico Magistrale"]
[Site "Venezia ITA"]
[Date "2004.10.30"]
[Round "2"]
[White "Navarro, Stefano"]
[Black "Boricsev, Oleg"]
[Result "0-1"]
[WhiteElo "2177"]
[BlackElo "2396"]
[PlyCount "66"]
[EventDate "2004.10.29"]

1. e4 d5 2. exd5 Qxd5 3. Nc3 Qa5 4. d4 Nf6 5. Bc4 c6 6. Nf3 Bf5 7. Bd2 e6 8.
O-O Qb6 9. a4 a5 10. Re1 Be7 11. Bb3 Nbd7 12. Bf4 O-O 13. h3 h6 14. Qe2 Bb4 15.
Bh2 Rfd8 16. Rad1 Nd5 17. Nxd5 cxd5 18. Rf1 Rac8 19. Rc1 Bf8 20. Rfd1 Qb4 21.
Qb5 Qxb5 22. axb5 Nb6 23. Ra1 a4 24. Ba2 Bxc2 25. Rdc1 Bd6 26. Bxd6 Rxd6 27.
Bb1 Bxb1 28. Rxc8+ Nxc8 29. Rxb1 Rb6 30. Ra1 Rxb5 31. Rxa4 Rxb2 32. Ra8 Rc2 33.
Ne5 Rc7 0-1

[Event "Autunno Scacchistico Magistrale"]
[Site "Venezia ITA"]
[Date "2004.10.30"]
[Round "2"]
[White "Pechy, Alaster"]
[Black "Caligara, Roberto"]
[Result "1-0"]
[WhiteElo "2154"]
[BlackElo "1939"]
[PlyCount "35"]
[EventDate "2004.10.29"]

1. e4 e5 2. Nf3 Nc6 3. Bb5 Bc5 4. O-O Nf6 5. d3 d6 6. Bg5 h6 7. Bh4 g5 8. Bg3
h5 9. d4 exd4 10. e5 Ne4 11. exd6 cxd6 12. Nxd4 Qb6 13. Re1 f5 14. Nc3 Bxd4 15.
Nxe4 fxe4 16. Rxe4+ Be5 17. Bxe5 dxe5 18. Rxe5+ 1-0

[Event "Autunno Scacchistico Magistrale"]
[Site "Venezia ITA"]
[Date "2004.10.30"]
[Round "2"]
[White "Pfeifer, Andreas"]
[Black "Petruk, Mykola"]
[Result "1-0"]
[WhiteElo "2129"]
[BlackElo "2009"]
[PlyCount "137"]
[EventDate "2004.10.29"]

1. e4 e6 2. d4 d5 3. Nd2 dxe4 4. Nxe4 Nd7 5. Nf3 Ngf6 6. Bd3 Nxe4 7. Bxe4 Nf6
8. Bd3 c5 9. O-O Bd7 10. c4 cxd4 11. Nxd4 Bc5 12. Nb3 Be7 13. Bd2 Bc6 14. Qe2
O-O 15. Bc3 b6 16. Rad1 Qc7 17. Nd4 Rad8 18. Nxc6 Qxc6 19. Qe3 Qc5 20. Qf3 Qh5
21. Qxh5 Nxh5 22. g3 Nf6 23. Rfe1 Nd7 24. Kg2 Nc5 25. Bc2 Rxd1 26. Rxd1 Rd8 27.
Rxd8+ Bxd8 28. b4 Nb7 29. Kf3 h6 30. Be4 Nd6 31. Bd3 f6 32. Ke3 Kf7 33. c5 Nb7
34. Be4 Nxc5 35. bxc5 bxc5 36. Kd3 Ke7 37. Kc4 Kd6 38. Kb5 f5 39. Bd3 g5 40.
Bg7 h5 41. Bf8+ Kd5 42. Bxc5 a6+ 43. Kb4 a5+ 44. Kb5 f4 45. Be2 fxg3 46. Bf3+
Ke5 47. fxg3 h4 48. g4 Kf4 49. Be2 Bc7 50. Kc6 Bb8 51. a4 Ke4 52. Bg1 Bf4 53.
Kb5 Bc7 54. Kc4 Bf4 55. h3 Bd2 56. Bf2 e5 57. Bb6 Kf4 58. Kd3 Be1 59. Bc7 Kg3
60. Bxe5+ Kxh3 61. Bf3 Bd2 62. Ke2 Be1 63. Bf6 Bg3 64. Bxg5 Bf4 65. Bf6 Bd6 66.
g5 Be5 67. Ke3 Bd6 68. Ke4 Kg3 69. g6 1-0

[Event "Autunno Scacchistico Magistrale"]
[Site "Venezia ITA"]
[Date "2004.10.31"]
[Round "3"]
[White "Alberton, Roberto"]
[Black "Petruk, Mykola"]
[Result "1-0"]
[WhiteElo "2125"]
[BlackElo "2009"]
[PlyCount "133"]
[EventDate "2004.10.29"]

1. d4 d5 2. c4 e6 3. Nc3 Nf6 4. cxd5 exd5 5. Bg5 Be7 6. e3 c6 7. Bd3 h6 8. Bh4
Bg4 9. f3 Be6 10. Nge2 Nh5 11. Bxe7 Qxe7 12. O-O O-O 13. Qd2 f5 14. Nf4 Nxf4
15. exf4 Nd7 16. Rfe1 Qf6 17. Qf2 Rae8 18. Re2 Re7 19. Rae1 Rfe8 20. a3 Nf8 21.
b4 Ng6 22. g3 Kf7 23. Kg2 Bd7 24. Rxe7+ Rxe7 25. Rxe7+ Qxe7 26. Qe2 Qd6 27. Qc2
Qf6 28. Ne2 Qe7 29. Kf2 Qf6 30. Qa4 a6 31. Qa5 Ne7 32. Qc7 Bc8 33. Qe5 Ng6 34.
Qc7+ Ne7 35. Qb6 Qd6 36. Bc2 g6 37. Nc1 Ng8 38. Nd3 Nf6 39. Ne5+ Kg7 40. Bd3
Nd7 41. Qd8 Qf8 42. Qc7 Qe8 43. g4 Kf6 44. Qd6+ Kg7 45. Kg3 Nxe5 46. fxe5 Qf7
47. gxf5 gxf5 48. Kf2 Be6 49. Qd8 Bd7 50. Qh4 Be6 51. Ke3 a5 52. Kf4 axb4 53.
axb4 Kg6 54. Qg4+ Kh7 55. Qh4 Kg7 56. Qh3 Qe7 57. Qg3+ Kh8 58. Bxf5 Bxf5 59.
Kxf5 Qxb4 60. Qg6 Qb1+ 61. Kf6 Qxg6+ 62. Kxg6 Kg8 63. f4 b5 64. f5 b4 65. f6 b3
66. f7+ Kf8 67. Kf6 1-0

[Event "Autunno Scacchistico Magistrale"]
[Site "Venezia ITA"]
[Date "2004.10.31"]
[Round "3"]
[White "Bdair, Bilal"]
[Black "Bianchi, Andrea"]
[Result "0-1"]
[WhiteElo "2004"]
[BlackElo "2130"]
[PlyCount "102"]
[EventDate "2004.10.29"]

1. d4 d5 2. c4 e6 3. Nc3 Be7 4. cxd5 exd5 5. Bf4 c6 6. Qc2 Bd6 7. Bg3 Ne7 8. e3
Bf5 9. Bd3 Qd7 10. Nf3 Bxd3 11. Qxd3 Nf5 12. Rc1 f6 13. Nd2 Na6 14. Ne2 Kf7 15.
O-O g6 16. e4 Nxg3 17. fxg3 Kg7 18. Qf3 Qe6 19. exd5 cxd5 20. Nc3 Nc7 21. Rce1
Qf7 22. Re2 Rae8 23. Rfe1 Rxe2 24. Rxe2 Rd8 25. Nf1 Bf8 26. Ne3 Rd6 27. Rf2 Qe6
28. Re2 Qd7 29. Rf2 Be7 30. h4 b5 31. a3 a5 32. h5 b4 33. axb4 axb4 34. Ne2 Ne6
35. Qg4 Ng5 36. Qxd7 Rxd7 37. hxg6 hxg6 38. Nf4 Ne4 39. Rf3 Nd2 40. Rf2 Ne4 41.
Rc2 b3 42. Rc6 Nxg3 43. Nexd5 g5 44. Ne6+ Kf7 45. Nxe7 Kxe7 46. Rb6 Rd6 47.
Rxd6 Kxd6 48. Nc5 Ne2+ 49. Kf2 Nxd4 50. Ne4+ Ke5 51. Ke3 Nc2+ 0-1

[Event "Autunno Scacchistico Magistrale"]
[Site "Venezia ITA"]
[Date "2004.10.31"]
[Round "3"]
[White "Boricsev, Oleg"]
[Black "Miladinovic, Igor"]
[Result "0-1"]
[WhiteElo "2396"]
[BlackElo "2611"]
[PlyCount "124"]
[EventDate "2004.10.29"]

1. e4 c5 2. c3 Nf6 3. e5 Nd5 4. d4 cxd4 5. Nf3 Nc6 6. Bc4 Nb6 7. Bb3 d5 8. exd6
Qxd6 9. O-O Be6 10. Na3 a6 11. Ng5 Bxb3 12. Qxb3 Nd8 13. Rd1 Qc6 14. Rxd4 e6
15. Nc4 Nxc4 16. Rxc4 Qb5 17. Be3 Nc6 18. Rf4 Qxb3 19. axb3 h6 20. Nf3 Rd8 21.
Rc4 Rd5 22. Nd4 Nxd4 23. Rxd4 Rxd4 24. Bxd4 Kd7 25. b4 Kc6 26. Rd1 f6 27. Kf1
h5 28. Ke2 Bd6 29. Bc5 Bc7 30. Kf3 a5 31. Re1 e5 32. Re4 f5 33. Re1 b6 34. Be3
axb4 35. cxb4 Rd8 36. Rc1+ Kb7 37. g3 Rd3 38. Rc3 Rd5 39. Ke2 Bd6 40. Rc4 b5
41. Rh4 g6 42. Bg5 e4 43. f3 exf3+ 44. Kxf3 Rd3+ 45. Ke2 Rb3 46. Bf6 Bxb4 47.
Rf4 Kc6 48. Rf3 Rxf3 49. Kxf3 Kd5 50. b3 Bd6 51. Ke3 Kc5 52. Bc3 g5 53. Be1 Kd5
54. h3 g4 55. hxg4 hxg4 56. Kd3 Bc7 57. Ke3 Bb8 58. Kd3 f4 59. gxf4 Bxf4 60.
Ke2 Ke4 61. Ba5 Be3 62. Bc7 Bd4 0-1

[Event "Autunno Scacchistico Magistrale"]
[Site "Venezia ITA"]
[Date "2004.10.31"]
[Round "3"]
[White "Caligara, Roberto"]
[Black "Gallo, Enrico"]
[Result "0-1"]
[WhiteElo "1939"]
[BlackElo "2159"]
[PlyCount "98"]
[EventDate "2004.10.29"]

1. e4 c5 2. d4 e6 3. Nf3 d5 4. e5 cxd4 5. Qxd4 Nc6 6. Bb5 Bd7 7. Bxc6 bxc6 8.
O-O Qc7 9. Nc3 Ne7 10. Bd2 c5 11. Qf4 Ng6 12. Qg3 Be7 13. a4 Rb8 14. h4 h5 15.
b3 Rb4 16. Nxd5 exd5 17. Bxb4 cxb4 18. e6 Qxg3 19. exd7+ Kxd7 20. fxg3 Rc8 21.
Rad1 Rc5 22. Rd2 Bf6 23. Rfd1 Ne7 24. Kf2 Kd6 25. Nd4 a6 26. Re2 Be5 27. Rd3 f6
28. Nf3 Nf5 29. Nxe5 fxe5 30. Kf1 d4 31. Rf3 g6 32. Ke1 Kd5 33. Kd1 e4 34. Rf4
Nxg3 35. Re1 Rc6 36. Rf8 Re6 37. Rb8 Nf5 38. Rxb4 Nxh4 39. g4 Nf3 40. Rh1 h4
41. Ke2 Ke5 42. c3 dxc3 43. Ke3 Nd2 44. a5 Rd6 45. Rb6 Rd3+ 46. Ke2 c2 47. Rb8
Nxb3 48. Re8+ Kf4 49. Rf1+ Rf3 0-1

[Event "Autunno Scacchistico Magistrale"]
[Site "Venezia ITA"]
[Date "2004.10.31"]
[Round "3"]
[White "Del Monaco, Andrea"]
[Black "Bonafede, Alessandro"]
[Result "1/2-1/2"]
[WhiteElo "2218"]
[BlackElo "2103"]
[PlyCount "127"]
[EventDate "2004.10.29"]

1. e4 c5 2. Nf3 Nc6 3. Bb5 g6 4. O-O Bg7 5. Re1 Nf6 6. d4 Qb6 7. Bxc6 bxc6 8.
e5 Nd5 9. c4 Nc7 10. d5 cxd5 11. cxd5 Bb7 12. Nc3 O-O 13. Be3 d6 14. Qd2 dxe5
15. b4 e4 16. bxc5 Qa5 17. Nd4 Nxd5 18. Nxd5 Qxd2 19. Nxe7+ Kh8 20. Bxd2 Bxd4
21. Rab1 Ba6 22. Rxe4 Bxc5 23. Bc3+ f6 24. Re6 Bxe7 25. Rxa6 Rab8 26. Rxb8 Rxb8
27. g3 Bc5 28. Rxf6 Kg8 29. Rc6 Bb6 30. Rd6 Rc8 31. Bd4 Rc1+ 32. Kg2 Rc2 33.
Bxb6 axb6 34. Rxb6 Rxa2 35. Rb7 Rc2 36. Ra7 Rb2 37. h3 Rd2 38. Kf3 Rb2 39. Ke3
Rb3+ 40. Kf4 Rb2 41. f3 Rb4+ 42. Kg5 Rb3 43. Kg4 h5+ 44. Kf4 g5+ 45. Kxg5 Rxf3
46. Kh4 Rf5 47. Re7 Ra5 48. g4 hxg4 49. hxg4 Ra4 50. Rb7 Ra1 51. Kh5 Ra5+ 52.
g5 Ra6 53. Re7 Kf8 54. Rd7 Kg8 55. Kg4 Ra4+ 56. Kf5 Ra6 57. Re7 Kf8 58. Re6
Rxe6 59. Kxe6 Kg7 60. Kf5 Kf7 61. g6+ Kg8 62. Kf6 Kf8 63. g7+ Kg8 64. Kg6
1/2-1/2

[Event "Autunno Scacchistico Magistrale"]
[Site "Venezia ITA"]
[Date "2004.10.31"]
[Round "3"]
[White "Fantini, Lorenzo"]
[Black "Fattorelli, Luciano"]
[Result "0-1"]
[WhiteElo "2117"]
[BlackElo "2107"]
[PlyCount "66"]
[EventDate "2004.10.29"]

1. e4 d6 2. d4 Nf6 3. Nc3 g6 4. Nf3 Bg7 5. Bg5 c6 6. Be2 Qc7 7. O-O b5 8. a3
Nbd7 9. Bd3 Bb7 10. Ne2 a6 11. c3 O-O 12. Ng3 e5 13. dxe5 dxe5 14. Qe2 Nc5 15.
Bc2 Ne6 16. h3 Nxg5 17. Nxg5 c5 18. Rad1 c4 19. Nf3 Rfd8 20. Rxd8+ Rxd8 21. Rd1
Rxd1+ 22. Qxd1 Nd7 23. h4 Nc5 24. Ng5 Bf6 25. Nf3 h5 26. Qe2 Qc6 27. Qe3 Kf8
28. Ng5 Ke8 29. f3 Ne6 30. Qa7 Bd8 31. Qb8 Nxg5 32. Qxe5+ Ne6 33. f4 Qc5+ 0-1

[Event "Autunno Scacchistico Magistrale"]
[Site "Venezia ITA"]
[Date "2004.10.31"]
[Round "3"]
[White "Foglia, Maurizio"]
[Black "Kiss, Pal"]
[Result "1/2-1/2"]
[WhiteElo "2075"]
[BlackElo "2394"]
[PlyCount "111"]
[EventDate "2004.10.29"]

1. Nf3 d5 2. b3 c5 3. e3 a6 4. Bb2 Nc6 5. Be2 Nf6 6. d4 e6 7. O-O Bd6 8. dxc5
Bxc5 9. c4 O-O 10. Nbd2 Qe7 11. a3 a5 12. Qc2 b6 13. cxd5 exd5 14. Bd3 h6 15.
Rfe1 Be6 16. Bf5 Rac8 17. Qd3 Rfd8 18. Nd4 Bxd4 19. exd4 Bxf5 20. Qxf5 Qd7 21.
Qd3 Na7 22. a4 Qb7 23. Ba3 Re8 24. Rxe8+ Rxe8 25. Nf3 Ne4 26. Rc1 Rc8 27. h3
Rxc1+ 28. Bxc1 Qc8 29. Bd2 f6 30. Nh2 Kf7 31. Nf1 Ke6 32. Ne3 Kd6 33. f3 Nxd2
34. Qxd2 Nc6 35. Qd3 Ne7 36. Qd2 Nc6 37. Qd3 Ne7 38. Qd2 Qc6 39. Kh2 Kc7 40.
Kh1 Kb7 41. Kg1 Qd6 42. Kf2 Qa3 43. Qc3 f5 44. f4 g5 45. g4 fxg4 46. Nxg4 gxf4
47. Nxh6 Qa2+ 48. Kf3 Qh2 49. Kg4 Qg2+ 50. Kxf4 Ng6+ 51. Kf5 Nh4+ 52. Ke6 Qg6+
53. Kd7 Qg7+ 54. Kd8 Qf8+ 55. Kd7 Qg7+ 56. Kd8 1/2-1/2

[Event "Autunno Scacchistico Magistrale"]
[Site "Venezia ITA"]
[Date "2004.10.31"]
[Round "3"]
[White "Giuriati, Paolo"]
[Black "Lain, Luigi"]
[Result "1/2-1/2"]
[WhiteElo "2190"]
[BlackElo "2262"]
[PlyCount "187"]
[EventDate "2004.10.29"]

1. d4 d5 2. Nf3 Nf6 3. Bf4 e6 4. e3 Ne4 5. Nfd2 Nd6 6. Bd3 Be7 7. h3 Nd7 8. Nf3
c5 9. c3 c4 10. Bc2 O-O 11. Nbd2 f5 12. b3 b5 13. a4 Ne4 14. Nxe4 fxe4 15. Ne5
Nxe5 16. Bxe5 cxb3 17. Bxb3 Qa5 18. O-O Bd7 19. Qg4 Rf7 20. Bxd5 h5 21. Qxe4
exd5 22. Qxd5 Rd8 23. axb5 Qxb5 24. Qxb5 Bxb5 25. Rfc1 Ra8 26. c4 Bd7 27. e4
Bf6 28. f4 Bxe5 29. fxe5 Rf4 30. Re1 a5 31. c5 Kf7 32. d5 a4 33. Ra3 Ke7 34. c6
Bxc6 35. dxc6 Ke6 36. g3 Rf7 37. Rc1 Kxe5 38. Rc4 Raf8 39. Ra2 Ra8 40. c7 Rc8
41. Rc5+ Kd4 42. Rxh5 Rcxc7 43. Rxa4+ Ke3 44. Ra3+ Kxe4 45. Rh4+ Ke5 46. Ra5+
Ke6 47. Re4+ Kf6 48. Ra6+ Kf5 49. Rf4+ Kg5 50. Rg4+ Kh5 51. Ra5+ Kh6 52. Ra6+
Kh5 53. Rh4+ Kg5 54. Ra5+ Kg6 55. Rg4+ Kh6 56. Ra2 Rc3 57. Kg2 Rfc7 58. h4 Rc2+
59. Rxc2 Rxc2+ 60. Kh3 Ra2 61. Rc4 Rb2 62. Kg4 Rb1 63. Rc6+ Kh7 64. Rc5 Rb4+
65. Kg5 Rb3 66. g4 Rb6 67. h5 Ra6 68. Kf5 Rf6+ 69. Kg5 Ra6 70. Re5 Rb6 71. Re7
Rb5+ 72. Kf4 Rb4+ 73. Kf5 Rb5+ 74. Kf4 Rb4+ 75. Kg5 Rb5+ 76. Kh4 Rb4 77. Rf7
Ra4 78. Kg5 Ra5+ 79. Rf5 Ra4 80. Rb5 Ra1 81. Kf5 Rf1+ 82. Ke6 Re1+ 83. Kf7 Rf1+
84. Rf5 Ra1 85. g5 Ra7+ 86. Ke6 Ra6+ 87. Ke5 g6 88. hxg6+ Kxg6 89. Rf6+ Rxf6
90. gxf6 Kf7 91. Kf5 Kf8 92. Kg6 Kg8 93. f7+ Kf8 94. Kf6 1/2-1/2

[Event "Autunno Scacchistico Magistrale"]
[Site "Venezia ITA"]
[Date "2004.10.31"]
[Round "3"]
[White "Gonzales, Guillermo"]
[Black "Fontana, Enrico"]
[Result "0-1"]
[WhiteElo "1976"]
[BlackElo "2123"]
[PlyCount "64"]
[EventDate "2004.10.29"]

1. e4 c6 2. d4 d5 3. Nc3 dxe4 4. Nxe4 Bf5 5. Ng3 Bg6 6. Bc4 Nf6 7. h4 h6 8.
N1e2 Nh5 9. Nf4 Nxf4 10. Bxf4 e6 11. h5 Bh7 12. Qe2 Bd6 13. Be5 Bxe5 14. dxe5
Nd7 15. O-O Qg5 16. Rfe1 O-O 17. Rad1 Rfd8 18. Bd3 Bxd3 19. Rxd3 Nc5 20. Rd6
Rxd6 21. exd6 Qd5 22. Rd1 Qxa2 23. d7 Rd8 24. Qe5 Rxd7 25. Qb8+ Kh7 26. Rxd7
Nxd7 27. Qxb7 Ne5 28. Qb4 Qb1+ 29. Kh2 f5 30. Qf4 Ng4+ 31. Kh3 Qxc2 32. Ne4
Qxe4 0-1

[Event "Autunno Scacchistico Magistrale"]
[Site "Venezia ITA"]
[Date "2004.10.31"]
[Round "3"]
[White "Groszpeter, Attila"]
[Black "Doric, Darko"]
[Result "1/2-1/2"]
[WhiteElo "2514"]
[BlackElo "2324"]
[PlyCount "160"]
[EventDate "2004.10.29"]

1. e4 c5 2. Nf3 d6 3. d4 cxd4 4. Nxd4 Nf6 5. Nc3 Nc6 6. Bg5 Bd7 7. Qd2 Rc8 8.
f4 h6 9. Bxf6 gxf6 10. O-O-O Nxd4 11. Qxd4 Qa5 12. Kb1 Qc5 13. Qd3 h5 14. Be2
Bg7 15. Rhe1 f5 16. e5 Be6 17. Qb5+ Qxb5 18. Bxb5+ Kf8 19. exd6 exd6 20. Rxd6
Bxc3 21. bxc3 Rxc3 22. Rd8+ Kg7 23. Rxh8 Kxh8 24. Kb2 Rc8 25. Re3 Kg7 26. h4 a6
27. Be2 Kg6 28. Bf3 Rc4 29. g3 b6 30. a3 Rc5 31. Rd3 Rb5+ 32. Kc1 Ra5 33. Rc3
Ra4 34. Be2 b5 35. Bd3 Kf6 36. Kb2 b4 37. axb4 Rxb4+ 38. Kc1 Ra4 39. Be2 Kg6
40. Kd2 a5 41. Kc1 Ra1+ 42. Kb2 Rg1 43. Bb5 Kf6 44. Ba4 Ke7 45. Rd3 Kf6 46. Bb3
Ke7 47. c3 Rg2+ 48. Ka3 Rg1 49. Kb2 Rg2+ 50. Ka3 Rg1 51. c4 Re1 52. Kb2 a4 53.
Bxa4 Bxc4 54. Rc3 Be6 55. Kc2 Kf6 56. Kd2 Re4 57. Bd1 Kg6 58. Bf3 Ra4 59. Ke3
Ra5 60. Rd3 Ra1 61. Be2 Ra2 62. Rd8 Ra3+ 63. Kf2 Ra2 64. Ke3 Ra3+ 65. Kd4 Ra2
66. Ke3 Ra3+ 67. Rd3 Ra2 68. Rd2 Ra3+ 69. Kf2 Ra4 70. Rb2 Ra3 71. Rc2 Ra4 72.
Rd2 Ra3 73. Bf3 Ra1 74. Kg2 Ra3 75. Rf2 Rd3 76. Kh2 Ra3 77. Bg2 Ra5 78. Rd2 Ra3
79. Kh3 Rb3 80. Rd8 Kg7 1/2-1/2

[Event "Autunno Scacchistico Magistrale"]
[Site "Venezia ITA"]
[Date "2004.10.31"]
[Round "3"]
[White "Mufic, Goran"]
[Black "Cereda, Loris"]
[Result "1-0"]
[WhiteElo "2320"]
[BlackElo "2002"]
[PlyCount "51"]
[EventDate "2004.10.29"]

1. e4 e5 2. Nf3 Nc6 3. Bb5 a6 4. Ba4 Nf6 5. d4 exd4 6. O-O Be7 7. e5 Ne4 8.
Nxd4 Nc5 9. Nf5 O-O 10. Qg4 g6 11. Nxe7+ Qxe7 12. Bxc6 dxc6 13. Qg3 Bf5 14. Bg5
Qd7 15. Nc3 Ne4 16. Nxe4 Bxe4 17. Bf6 Qf5 18. Qe3 g5 19. Bxg5 Bxc2 20. Bf6 Be4
21. Rad1 Qg6 22. f3 Bd5 23. Rd4 h5 24. Rh4 Kh7 25. g4 Rg8 26. Kh1 1-0

[Event "Autunno Scacchistico Magistrale"]
[Site "Venezia ITA"]
[Date "2004.10.31"]
[Round "3"]
[White "Opacic, Alexandar"]
[Black "Faccia, Sergio"]
[Result "1-0"]
[WhiteElo "2105"]
[BlackElo "2005"]
[PlyCount "49"]
[EventDate "2004.10.29"]

1. e4 e5 2. Nf3 f5 3. Nc3 fxe4 4. Nxe5 Nf6 5. d4 d6 6. Nc4 Be7 7. Be2 O-O 8.
O-O c6 9. a4 a5 10. d5 Bf5 11. f3 Bg6 12. fxe4 Nxe4 13. Rxf8+ Qxf8 14. Nxe4
Bxe4 15. Nb6 Ra7 16. Qd4 Bxc2 17. Qc4 Bg6 18. dxc6+ Bf7 19. c7 Bxc4 20. Bxc4+
d5 21. Bxd5+ Kh8 22. c8=Q Bd8 23. Be3 Ra6 24. Rf1 Qe8 25. Bc5 1-0

[Event "Autunno Scacchistico Magistrale"]
[Site "Venezia ITA"]
[Date "2004.10.31"]
[Round "3"]
[White "Pechy, Alaster"]
[Black "Kasparov, Sergey"]
[Result "1/2-1/2"]
[WhiteElo "2154"]
[BlackElo "2468"]
[PlyCount "96"]
[EventDate "2004.10.29"]

1. d4 Nf6 2. c4 c5 3. d5 b5 4. cxb5 a6 5. f3 e6 6. e4 exd5 7. exd5 Bd6 8. Nc3
O-O 9. Kf2 Re8 10. g3 Be5 11. Bc4 d6 12. Nge2 Nbd7 13. bxa6 Bxa6 14. Bxa6 Rxa6
15. Kg2 Qa8 16. Bg5 Rb6 17. Rb1 Qa6 18. Re1 h6 19. Bf4 Reb8 20. b3 c4 21. Qc2
cxb3 22. Rxb3 Rxb3 23. axb3 Qb7 24. Bxe5 Nxe5 25. Rb1 Qb4 26. Qd2 Rc8 27. Qf4
Qb6 28. Qd2 Qb7 29. Qd4 Rc5 30. Ne4 Nxe4 31. Qxe4 Qa6 32. Rc1 f5 33. Qe3 Rxd5
34. Nf4 Qa2+ 35. Kh3 Rd2 36. Rh1 Qc2 37. Ne6 g5 38. Nxg5 hxg5 39. Qxg5+ Kf7 40.
Qh5+ Ke6 41. f4 Ng4 42. Re1+ Kd5 43. Qf7+ Kc6 44. Qe8+ Kc5 45. Kh4 Rxh2+ 46.
Kg5 Kd4 47. Qe6 Rh6 48. Qe7 d5 1/2-1/2